| 000 | 00432nam a22001697a 4500 | ||
|---|---|---|---|
| 008 | 150923b xxu||||| |||| 00| 0 eng d | ||
| 020 | _a0618313850 | ||
| 041 | 0 | _aeng | |
| 080 | _a512.5 | ||
| 100 | 1 | _aLarson/Hostetler. | |
| 245 | 1 | 0 |
_aCollege algebra / _cLarson/Hostetler. |
| 250 | _a6th ed. | ||
| 260 |
_aBoston, MA : _bHoughton Mifflin, _c2003. |
||
| 300 |
_a675 f.; _bme il.; _c25 cm. |
||
| 650 | 0 | _aAlgjebra | |
| 942 |
_2udc _cBK |
||
| 999 |
_c1172 _d1172 |
||